[Event "TUR Cup"]
[Site "Antalya"]
[Date "2017.02.03"]
[Round "10"]
[White "Ozturk, Oguzhan"]
[Black "Koc, Huseyin"]
[Result "0-1"]
[WhiteElo "1385"]
[BlackElo "1499"]
[PlyCount "90"]
[EventDate "2017.01.28"]
[EventType "swiss"]
[EventRounds "11"]
[EventCountry "TUR"]
[SourceTitle "CBM 176 Extra"]
[Source "ChessBase"]
[SourceDate "2017.03.02"]
[SourceVersion "1"]
[SourceVersionDate "2017.03.02"]
[SourceQuality "1"]

1. d4 g6 2. Nc3 Bg7 3. Nf3 d5 4. Bf4 c6 5. e3 Nd7 6. Bd3 Ngf6 7. 0-0 Nh5 8. Bg3 Nxg3 9. fxg3 0-0 10. Ne2 Qb6 11. Rb1 e5 12. dxe5 Qxe3+ 13. Kh1 Nxe5 14. Nxe5 Bxe5 15. Nf4 Qb6 16. c3 Bd7 17. Qf3 Rae8 18. Nh5 f5 19. Nf4 Bg7 20. Qd1 Re3 21. Qc2 Rfe8 22. Qd2 Qa5 23. b4 Qd8 24. c4 d4 25. c5 Kh8 26. Bc4 a6 27. Ne2 Bc8 28. Rbd1 R3e4 29. Rf4 Bh6 30. h4 Bxf4 31. Nxf4 Qf6 32. h5 g5 33. Nh3 h6 34. Nf2 R4e7 35. Rf1 Qe5 36. Kh2 Qe3 37. Qc2 Be6 38. Bxe6 Qxe6 39. Nh3 Qe4 40. Qf2 d3 41. Qb2+ Qe5 42. Qb3 d2 43. Qc2 Qd5 44. Rd1 Re2 45. Rg1 Rxg2+ 0-1

[Event "TUR Cup"]
[Site "Antalya"]
[Date "2017.01.30"]
[Round "4"]
[White "Kilic, Selin"]
[Black "Koc, Huseyin"]
[Result "0-1"]
[WhiteElo "1433"]
[BlackElo "1499"]
[PlyCount "96"]
[EventDate "2017.01.28"]
[EventType "swiss"]
[EventRounds "11"]
[EventCountry "TUR"]
[SourceTitle "CBM 176 Extra"]
[Source "ChessBase"]
[SourceDate "2017.03.02"]
[SourceVersion "1"]
[SourceVersionDate "2017.03.02"]
[SourceQuality "1"]

1. e4 c5 2. Nf3 g6 3. d4 cxd4 4. Nxd4 Nc6 5. Be3 Bg7 6. Nc3 Nf6 7. f3 0-0 8. Qd2 d5 9. exd5 Nxd5 10. Nxc6 bxc6 11. 0-0-0 Rb8 12. Bc4 Be6 13. Bd4 f6 14. h4 Qc7 15. h5 g5 16. h6 Bh8 17. Rde1 Bf7 18. Ne4 Qf4 19. Bxa7 Rb7 20. Qxf4 Nxf4 21. Bxf7+ Kxf7 22. Bd4 Nxg2 23. Rd1 Nf4 24. Rd2 Kg6 25. Nc5 Rc7 26. Be3 Kf7 27. Rhd1 Nd5 28. Bf2 Ra8 29. a3 f5 30. c4 Nb6 31. Rd8 Rcc8 32. Rxc8 Rxc8 33. b3 Be5 34. Nd3 Bc7 35. Nb4 c5 36. Nd3 Bd6 37. Kc2 Nd7 38. a4 Ra8 39. Kd2 Kg6 40. Rh1 Ra5 41. Ke3 Ra8 42. f4 g4 43. Bh4 Rb8 44. Nc1 e5 45. fxe5 Bxe5 46. Be7 Re8 47. Bh4 f4+ 48. Kd3 f3 0-1

[Event "TUR Cup"]
[Site "Antalya"]
[Date "2017.01.29"]
[Round "3"]
[White "Koc, Huseyin"]
[Black "Bitirgen, Bilent"]
[Result "0-1"]
[WhiteElo "1499"]
[BlackElo "1866"]
[PlyCount "52"]
[EventDate "2017.01.28"]
[EventType "swiss"]
[EventRounds "11"]
[EventCountry "TUR"]
[SourceTitle "CBM 176 Extra"]
[Source "ChessBase"]
[SourceDate "2017.03.02"]
[SourceVersion "1"]
[SourceVersionDate "2017.03.02"]
[SourceQuality "1"]

1. e4 c5 2. Nc3 Nc6 3. f4 g6 4. Nf3 Bg7 5. Bb5 Nd4 6. 0-0 a6 7. Bd3 d6 8. h3 b5 9. e5 Bb7 10. Ne4 Ne6 11. exd6 c4 12. dxe7 Qb6+ 13. Kh1 cxd3 14. cxd3 Nxe7 15. a4 b4 16. a5 Qc7 17. Qb3 0-0 18. Ne5 Nxf4 19. Ng4 Nf5 20. Kg1 Bd4+ 21. Ne3 Nxg2 22. Rf3 Ngh4 23. Qd1 Rac8 24. Kh1 Nxf3 25. Qxf3 Bxe3 26. dxe3 Ng3+ 0-1